کچھ نۓ ا و ر پر ا نے شا عر (Record no. 171100)

MARC details
000 -LEADER
fixed length control field 00632nam a22001937a 4500
005 - DATE AND TIME OF LATEST TRANSACTION
control field 20200106163331.0
010 ## - LCCN (DPL NO)
LC control number A-435600
020 ## - INTERNATIONAL STANDARD BOOK NUMBER
Terms of availability 60.00
International Standard Book Number -
035 ## - SYSTEM CONTROL NUMBER
System control number A-435600
037 ## - SOURCE OF ACQUISITION
Source of stock number/acquisition DBAD/PUB
Stock number -
082 ## - DEWEY DECIMAL CLASSIFICATION NUMBER
Classification number 841.08
100 ## - MAIN ENTRY--PERSONAL NAME
Personal name اے۔ بی۔ ا شر ف
245 ## - TITLE STATEMENT
Title کچھ نۓ ا و ر پر ا نے شا عر
Statement of responsibility, etc اے۔ بی۔ ا شر ف
246 ## - VARYING FORM OF TITLE
Remainder of title Kuchh Naye Aur Purane Shair (Urdu)
Title proper/short title by Dr.A.B.Ashraf
260 ## - PUBLICATION, DISTRIBUTION, ETC. (IMPRINT)
Place of publication, distribution, etc Lahore
Name of publisher, distributor, etc Sang-e-Mail Publications,
Date of publication, distribution, etc 1989 ء
270 ## - ADDRESS
Address Chowk Urdu Bazar,
City Lahore(Pakistan)
Postal code -
Telephone number -
Fax number -
300 ## - PHYSICAL DESCRIPTION
Extent 240 ص
Dimensions 22 Cm(Hb)
942 ## - ADDED ENTRY ELEMENTS (KOHA)
Source of classification or shelving scheme Dewey Decimal Classification
Item type Urdu Bks
Classification part 841.08
Call number suffix ا ے ب
Holdings
Withdrawn status Lost status Not for loan Collection code Home library Current library Date acquired Source of acquisition Cost, normal purchase price Full call number Barcode Copy number Cost, replacement price Koha item type
      Non-fiction Central Library Central Library 06/01/2020 BPPD/Ven. 60.00 841.08 ا ے ب A-435600 1 60.00 Urdu Bks

© Delhi Public Library
Hit Counter
free hit counter